书目信息 |
| 题名: |
穿梭魔域
|
|
| 作者: | 丹娃 著 | |
| 分册: | ||
| 出版信息: | 北京 作家出版社 2004 |
|
| 页数: | 191页 | |
| 开本: | 20cm | |
| 丛书名: | 科学情幻系列 | |
| 单 册: | ||
| 中图分类: | I712.45 | |
| 科图分类: | ||
| 主题词: | 科学幻想小说--美国--现代 | |
| 电子资源: | ||
| ISBN: | 7-5063-2787-2 | |
| 000 | 00764nam 2200241 450 | |
| 001 | 0140809146 | |
| 005 | 20080825143433.26 | |
| 010 | @a7-5063-2787-2@dCNY16.00 | |
| 100 | @a20040809d2004 km y0chiy0120 ea | |
| 101 | 0 | @achi |
| 102 | @aCN@b110000 | |
| 105 | @aa z 000ay | |
| 200 | 1 | @a穿梭魔域@AChuan Suo Mo Yu@f(美)丹娃著@F(mei)dan wa zhu |
| 210 | @a北京@c作家出版社@d2004 | |
| 215 | @a191页@c图@d20cm | |
| 225 | 2 | @a科学情幻系列@v1 |
| 330 | @a王伟是个荣获无数奖项的优秀记者,在一次领奖旅途中认识了来自硅谷的高科技人才伍岳,意外得知著名的考古人镜机,被一个奇异的梦境所扰……。 | |
| 410 | 0 | @12001 @a科学情幻系列 |
| 606 | 0 | @a科学幻想小说@y美国@z现代 |
| 690 | @aI712.45@v4 | |
| 701 | 0 | @a丹娃@Adan wa@4著 |
| 801 | 0 | @c20080825 |
| 905 | @dI712.45@eD156 | |
| 穿梭魔域/(美)丹娃著.-北京:作家出版社,2004 |
| 191页:图;20cm.-(科学情幻系列;1) |
| ISBN 7-5063-2787-2:CNY16.00 |
| 王伟是个荣获无数奖项的优秀记者,在一次领奖旅途中认识了来自硅谷的高科技人才伍岳,意外得知著名的考古人镜机,被一个奇异的梦境所扰……。 |
| ● |
| 相关链接 |
|
|
|
正题名:穿梭魔域
索取号:I712.45/D156
 
预约/预借
| 序号 | 登录号 | 条形码 | 馆藏地/架位号 | 状态 | 备注 |
| 1 | 716967 | 207169678 | 社科二线400B/400B社科库 5排1列6层/ [索取号:I712.45/D156] | 在馆 | |
| 2 | 716968 | 207169687 | 文学库116/116文学库 26排4列2层/ [索取号:I712.45/D156] | 在馆 | |
| 3 | 716969 | 207169696 | 社科二线400B/400B社科库 5排1列6层/ [索取号:I712.45/D156] | 在馆 | |
| 4 | 716970 | 207169703 | 社科二线400B/400B社科库 5排1列6层/ [索取号:I712.45/D156] | 在馆 | |
| 5 | 716971 | 207169712 | 文学库116/116文学库 26排4列2层/ [索取号:I712.45/D156] | 在馆 |